000
00282nam a2200109Ia 4500
005
20251222154325.0
008
251222s9999||||xx |||||||||||||| ||spa||
082
_a
REF.153.6 A92
100
_a
Ávila, Hernán
245
0
_a
Diccionario de Psicología de la Comunicación
942
_c
LIB
999
_c
33942
_d
33942